Metodický rozbor tematického okruhu "Socialistické organizácie" Akcent na využívanie didaktickej techniky v rámci učebného predmetu

Na minha lista:
Detalhes bibliográficos
Autor principal: Ondrejka, Juraj
Autor Corporativo: Vysoká škola ekonomická v Bratislave. Národohospodárska fakulta
Outros Autores: Kontšek, Ján
Formato: Livro
Idioma:eslovaco
Publicado em: Bratislava 1987
Tags: Adicionar Tag
Sem tags, seja o primeiro a adicionar uma tag!

MARC

LEADER 00000nam a2200000 4500
001 c026905
005 20230116095128.2
041 0 |a slo 
044 |a SK 
245 1 0 |a Metodický rozbor tematického okruhu "Socialistické organizácie"  |b Akcent na využívanie didaktickej techniky v rámci učebného predmetu  |c Juraj Ondrejka ; Ved. práce Ján Kontšek 
264 1 |a Bratislava  |c 1987 
300 |a 69 s. 
100 1 |a Ondrejka, Juraj 
700 1 |a Kontšek, Ján 
710 2 |a Vysoká škola ekonomická v Bratislave. Národohospodárska fakulta